| 000 | 00916aam a2200301 4500 | ||
|---|---|---|---|
| 005 | 20161010145941.0 | ||
| 008 | 150613b xxu||||| |||| 00| 0 spa d | ||
| 041 | _aEspañol | ||
| 082 | _a651.374 A165d | ||
| 100 |
_aAbuadili Nahúm, Josefina _925756 |
||
| 245 | _aDesarrollo profesional de la secretaria | ||
| 260 | _aMéxico | ||
| 260 | _bTrillas | ||
| 260 | _c1999 | ||
| 300 | _a103 páginas | ||
| 650 |
_aTÉCNICAS SECRETARIALES _925760 |
||
| 650 |
_aPERFIL DE LA SECRETARIA _925761 |
||
| 650 |
_aPROCESO ADMINISTRATIVO _925762 |
||
| 650 |
_aSERVICIO AL CLIENTE _91558 |
||
| 650 |
_aRECEPCIONISTA _99227 |
||
| 650 |
_aARCHIVO _93521 |
||
| 650 |
_aORGANIGRAMAS _96895 |
||
| 650 |
_aORGANIZACIÓN DEL TRABAJO SECRETARIAL _925763 |
||
| 650 |
_aCONTESTACIÓN TELEFÓNICA _925764 |
||
| 650 |
_aTÉCNICAS MODERNAS DE ARCHIVO _925765 |
||
| 650 |
_aCUALIDADES DE LA SECRETARIA _925766 |
||
| 942 | _cBK | ||
| 999 |
_c1380 _d1380 |
||